Slovakia transport 2002 almanach dopravy

Gespeichert in:
Bibliographische Detailangaben
Format: Buch
Sprache:Slowakisch
Veröffentlicht: Bratislava LUXUR 2002
Schlagworte:
Tags: Tag hinzufügen
Keine Tags, Fügen Sie das erste Tag hinzu!

MARC

LEADER 00000nam a2200000 4500
001 c142192
005 20240325082615.8
022 |a 1335-7433-24 
041 0 |a slo 
044 |a SK 
245 1 0 |a Slovakia transport 2002  |b almanach dopravy 
264 1 |a Bratislava  |b LUXUR  |c 2002 
300 |a 138 s. 
610 2 0 |a doprava 
610 2 0 |a doprava cestná 
610 2 0 |a doprava železničná 
610 2 0 |a doprava kombinovaná 
610 2 0 |a doprava letecká 
610 2 0 |a doprava vodná 
610 2 0 |a zasielateľstvá 
610 2 0 |a služby finančné 
610 2 0 |a mestá 
610 2 0 |a Slovensko